| 000 | 00343nam a2200145Ia 4500 | ||
|---|---|---|---|
| 005 | 20251222144833.0 | ||
| 008 | 251222s9999||||xx |||||||||||||| ||spa|| | ||
| 020 | _a8482394495 | ||
| 082 | _a944.081.092/L53 | ||
| 100 | _aLejeune, René | ||
| 245 | 0 | _aRobert Schuman: | |
| 250 | _a1ra.ed. | ||
| 264 | _bEdiciones Palabra, S.A. | ||
| 942 | _cLIB | ||
| 999 |
_c20932 _d20932 |
||